| Tag |
First Indicator |
Second Indicator |
Subfields |
| LEADER |
00000cam a2200000 a 4500 |
| 001 |
in00000010521 |
| 005 |
20151007051402.0 |
| 008 |
870623s1987 cau b 00100 eng d |
| 010 |
|
|
|a 85644750
|
| 020 |
|
|
|a 1555429610 :
|c $11.95
|
| 035 |
|
|
|a (OCoLC)16046823
|
| 035 |
|
|
|9 AAA2733AM
|
| 040 |
|
|
|a NIE
|c NIE
|d WAU
|d OCL
|d TXA
|d UtOrBLW
|
| 049 |
|
|
|a TXAM
|c [A12581938]
|
| 050 |
|
4 |
|a LC5219
|b .T44 1987
|
| 245 |
0 |
0 |
|a Technologies for learning outside the classroom /
|c John A. Niemi, Dennis D. Gooler, editor[s].
|
| 264 |
|
1 |
|a San Francisco :
|b Jossey-Bass,
|c 1987.
|
| 300 |
|
|
|a 115 pages ;
|c 23 cm.
|
| 336 |
|
|
|a text
|b txt
|2 rdacontent
|
| 337 |
|
|
|a unmediated
|b n
|2 rdamedia
|
| 338 |
|
|
|a volume
|b nc
|2 rdacarrier
|
| 490 |
1 |
|
|a Jossey-Bass higher education series
|
| 490 |
1 |
|
|a New directions for continuing education,
|v no. 34
|
| 504 |
|
|
|a Includes bibliographical references and index.
|
| 650 |
|
0 |
|a Educational technology.
|
| 650 |
|
0 |
|a Non-formal education.
|
| 650 |
|
0 |
|a Continuing education.
|
| 700 |
1 |
|
|a Niemi, John A.
|
| 700 |
1 |
|
|a Gooler, Dennis D.
|
| 830 |
|
0 |
|a Jossey-Bass higher education series.
|
| 830 |
|
0 |
|a New directions for adult and continuing education ;
|v no. 34.
|
| 999 |
|
|
|a MARS
|
| 999 |
f |
f |
|s 6276a7cf-d519-3df0-aa06-8e4ba0ed9bee
|i 0bc0a238-646c-3725-bd33-5ee024ae5637
|t 0
|
| 952 |
f |
f |
|p normal
|a Texas A&M University
|b College Station
|c Sterling C. Evans Library
|d Evans: Library Stacks
|t 0
|e LC5219 .T44 1987
|h Library of Congress classification
|i unmediated -- volume
|m A14812581938
|
| 998 |
f |
f |
|a LC5219 .T44 1987
|t 0
|l Evans: Library Stacks
|